| 000 | 00406nam a22001697a 4500 | ||
|---|---|---|---|
| 005 | 20160519110725.0 | ||
| 008 | 160519b xxu||||| |||| 00| 0 eng d | ||
| 020 | _a978-0-07-061193-1 | ||
| 041 | _aeng | ||
| 082 | _b3133 | ||
| 100 |
_aVohra N.D. _9775 |
||
| 245 | _aQuantitative technique in Management | ||
| 260 |
_aNew Delhi _bTMH, _c2007 |
||
| 300 | _a1049 | ||
| 650 |
_aManagement _9241 |
||
| 942 | _cBK | ||
| 999 |
_c1078 _d1078 |
||